| 000 | 00538nam a2200193Ia 4500 | ||
|---|---|---|---|
| 003 | GCL | ||
| 008 | 140319s9999 xx 000 0 eng d | ||
| 040 |
_aGCL / _cGCL |
||
| 082 | 0 | 4 |
_a617 _bD I |
| 100 | 1 | _aDHILLON, R. S. | |
| 245 | 1 | 0 |
_aAN ILLUSTRATED COLOUR TEXT EAR NOSE AND THROAT AND HEAD AND NECK SURGERY / _cDHILLON, R. S. |
| 700 | 1 | _aEAST, C.A. | |
| 260 |
_a[S.N] : _bCHURCHILL LIVINGSTONE ، _c1994 |
||
| 300 | _a120 P | ||
| 650 | 0 | 4 | _aEAR DISEASES |
| 650 | 0 | 4 | _aNOSE DISEASES |
| 650 | 0 | 4 | _aTHROAT DISEASES |
| 942 |
_2ddc _cBK |
||
| 999 |
_c20983 _d20983 |
||